| 000 | 00969nam a2200253 a 4500 | ||
|---|---|---|---|
| 001 | 64430 | ||
| 003 | BD-RjUL | ||
| 005 | 20211209081316.0 | ||
| 008 | 170214s1991 bg a o eng | | ||
| 020 | _c: Complimentary | ||
| 035 | _a(BD-RjUL)64560 | ||
| 040 |
_aANL _beng _dANL _cBD-RjUL |
||
| 041 | _aeng | ||
| 082 |
_223 _a304.6095492021 _bBAP 1991 (PR) |
||
| 110 |
_aBangladesh Bureau of Statistics _9179266 |
||
| 245 | 1 | 0 |
_aPreliminary Report: _bBangladesh population census, 1991 / _cBangladesh Bureau of Statistics |
| 246 |
_aপ্রাথমিক রিপোর্ট : _bআদমশুমারী, ১৯৯১ |
||
| 260 |
_aDhaka, : _bBangladesh Bureau of Statistics, _c1991 |
||
| 300 |
_a[12], 22 p. : _bill ; _c27 cm. |
||
| 500 | _a"Prefactory matter in Bengali and English" | ||
| 651 |
_aBangladesh _vcensus, 1991 _xPreliminary Report _9191162 |
||
| 651 |
_aBangladesh _xPopulation _vStatistics _vpreliminary Report _y1991 _9191163 |
||
| 942 |
_2ddc _cRAR |
||
| 999 |
_c64430 _d64430 |
||